000 00295nam a2200097Ia 4500
082 _aTSO 896.39781 NGOB
245 0 _aNdzheko wa rixaka [Tsonga]
100 _a NGOBENI, Bruce Mikhomazi Elim Hospital, South Africa, 2006
_945132
942 _cBK
008 210817s9999 xx 000 0 und d
999 _c252967
_d252967